Význam daňových príjmov v rozpočtoch miestnych samospráv v Slovenskej republike podľa regiónov NUTS III a podľa veľkostných kategórií obcí

Význam príjmov z miestnych daní v rozpočtoch slovenských miestnych samospráv podľa ich príslušnosti k regiónom NUTS III a podľa veľkostných kategórií samospráv v rokoch 2010 až 2018. Rozdiely v skúmanej oblasti. Pomerové ukazovatele odvodené od ukazovateľov, ktorými sa kvantifikuje miera finančnej,...

Description complète

Enregistré dans:
Détails bibliographiques
Auteur principal: Flaška, Filip
Autres auteurs: Rigová, Zuzana
Format: Chapitre de livre
Langue:slovaque
Sujets:
Tags: Ajouter un tag
Pas de tags, Soyez le premier à ajouter un tag!

MARC

LEADER 00000naa a2200000 4500
001 0270791
005 20201217122716.8
041 0 |a slo 
044 |a SK 
245 1 0 |a Význam daňových príjmov v rozpočtoch miestnych samospráv v Slovenskej republike podľa regiónov NUTS III a podľa veľkostných kategórií obcí  |c Filip Flaška, Zuzana Rigová 
520 |a Význam príjmov z miestnych daní v rozpočtoch slovenských miestnych samospráv podľa ich príslušnosti k regiónom NUTS III a podľa veľkostných kategórií samospráv v rokoch 2010 až 2018. Rozdiely v skúmanej oblasti. Pomerové ukazovatele odvodené od ukazovateľov, ktorými sa kvantifikuje miera finančnej, či daňovej autonómie. Porovnávanie naprieč miestnymi samosprávami v rámci odlišných regiónov resp. rôznych veľkostných kategórií. 
610 2 0 |a príjmy 
610 2 0 |a dane miestne 
610 2 0 |a samospráva miestna 
610 2 0 |a rozdiely regionálne 
610 2 0 |a rozpočet miestny 
100 1 |a Flaška, Filip 
700 1 |a Rigová, Zuzana